000 00353 a2200157 4500
001 61182
020 _a3791323695
040 _cAnchieta - Pituba
100 _aKrückmann, Peter O.
240 1 0 _aLinderhof
_lpor
245 1 0 _aLinderhof
300 _a58
362 0 _a2002
650 4 _aLínguas germânicas (teutônicas) língua alemã
942 _cBK
999 _c61182
_d61182